Flags of Europe without Blue - Statistics

General Stats
  • This quiz has been taken 72 times
    48 since last reset
  • The average score is 17 of 18
Answer Stats
Picture Answer % Correct
Albania
100%
Austria
100%
Germany
100%
Monaco
100%
Poland
100%
Belgium
97%
Bulgaria
97%
Denmark
97%
Hungary
97%
Ireland
97%
Italy
97%
Latvia
97%
Switzerland
97%
Malta
94%
Vatican City
94%
Belarus
91%
Lithuania
91%
North Macedonia
91%
No matching quizzes found
Score Distribution
Percent of People with Each Score
Percentile by Number Answered
Your Score History
You have not taken this quiz since the last reset